| 000 | 03746nab a22006857 4500 | ||
|---|---|---|---|
| 003 | AR-RoUNA | ||
| 022 | _a0327-9022 | ||
| 040 |
_aAR-RoUNA _bspa |
||
| 041 | _aspa | ||
| 044 | _aag | ||
| 245 |
_aSumma+ / _bVivienda Colectiva - Usos Mixtos - Pieles - Densidad Media - Vivienda Social |
||
| 260 |
_aBuenos Aires , _c1993 |
||
| 300 |
_a128 p. : _bil. byn. _bplanos _c34 X25 cm. |
||
| 505 | 0 | _tINDICE | |
| 505 | 0 | _tENFRENTANDO LA CIUDAD REAL | |
| 505 | 0 | _aVigliecca & Assoc / Residencial Parque Novo Santo Amaro V, San Pablo, Brasil, 2012. p. 4 | |
| 505 | 0 | _tPERMA - CULTURA URBANA | |
| 505 | 0 | _aTeeple Architects INC. / 60 Richmond Housing CO-OP, Ontario, Canadá, 2010. p. 12 | |
| 505 | 0 | _tOJOS EN LA ESPALDA | |
| 505 | 0 | _aTerminal 01 (Kei Karaguchi + Keigo Miki) / Departamentos en Horie Park, Osaka, Japón. p. 20 | |
| 505 | 0 | _tCAJAS DE IDEAS | |
| 505 | 0 | _aEspinoza Carnaval CIA LTDA Arqs & Ing. / Edificio 03 98, Loja, Ecuador, 2012. p. 26 | |
| 505 | 0 | _tCINTA DINÁMICA | |
| 505 | 0 | _aJorge Hernández de la Garza / Smooth Building, Nuevo León, México, 2010. p. 34 | |
| 505 | 0 | _aDiego Barajas y Camilo García / Cotidianeidades doméstico - productivo en Madrid. p. 40 | |
| 505 | 0 | _tA TRAVÉS DE MIS PERSIANAS AMERICANAS | |
| 505 | 0 | _aShigeru Ban Architects + Dean Maltz arq. / Casa de las persianas de metal, Nueva York, Estados Unidos, 2009. p. 50 | |
| 505 | 0 | _tGAVETO DE PIEDRA MÓVIL | |
| 505 | 0 | _aAlberto de Souza Oliveira / Bloque de piedra de Lisboa, Portugal, 2011. p. 56 | |
| 505 | 0 | _tPERFORACIONES VEGETALES Y FOLLAJE DE REMATE | |
| 505 | 0 | _aAT103 / TK139, D.F. México, 2012. p. 62 | |
| 505 | 0 | _tEL HORMIGÓN ES NEGRO: EL ZINC, PERFORADO | |
| 505 | 0 | _aMWDM arq. S.C.P & Vas arq. S.L.P / Edificio de 46 viviendas de protección oficial para gente mayor con servicios adjuntos y 212 plazas de aparcamiento, Barcelona, España, 2009. p. 66 | |
| 505 | 0 | _tÉL BAJÓ SU TOLDO MOTORIZADO | |
| 505 | 0 | _aGroup 8 / Casa Coral, Ginebra, Suiza, 2011. p. 72 | |
| 505 | 0 | _aDavid Heymann / Un montínculo en el bosque. p. 76 | |
| 505 | 0 | _tTERRITORIOS DE EXCEPCIÓN: Transformación de la Torre Bdis-Le-Prétre en el distrito 17 de París. p. 84 | |
| 505 | 0 | _aFrederic Druot, Anne Lacaton & Jean Philippe Vassal, arqs. / Transformación de la Torre Bois-Le Prëtre; ampliación de cien departamentos existentes. p. 84 | |
| 505 | 0 | _tCUATRO POR OCHO SESENTA Y SEIS | |
| 505 | 0 | _aMoca arq. / Edificio Holmberg, CABA, Argentina, 2012. p. 94 | |
| 505 | 0 | _tQUEBRAR FACHADAS | |
| 505 | 0 | _aSilvana Parentella y Joaquín Sánchez Gómez / Edificio Campos Salles, 2011. p. 100 | |
| 505 | 0 | _tDOBLE PATIO, USOS MÚLTIPLES | |
| 505 | 0 | _aBárbara Moyano Gacitáu, Florencia Rausch y Susana Barra / Edificio Dos Patios, CABA, 2010. p. 104 | |
| 505 | 0 | _tMIXTURA FINA | |
| 505 | 0 | _aErlich - Paiva Studio A+I / Edificio Malabia 933 - Fábrica de chocolate, CABA, 2011. p. 108 | |
| 505 | 0 | _tCOMO PEQUEÑAS CASAS | |
| 505 | 0 | _aMVS Oficina de arquitectura - Fernán Goldin / Edificio Nuñez 3453, Saavedra, CABA, 2011. p. 112 | |
| 505 | 0 | _aIgancio Ros de Olano / Quito en papel. p. 119 | |
| 505 | 0 | _aRuth Verde Zein / Le Corbusier y San Pablo. p. 120 | |
| 505 | 0 | _aRoberto Fernández / Más allá de Klimt. p. 125 | |
| 505 | 0 | _aHoracio Caride BARTRINS, David Dal Castello, Rita Molinos, Mario Sabugo / Saint - Simon y la Pirámide. p. 126 | |
| 505 | 0 | _aAna Luiza Nobre / Oscar Niemeyer (1907 - 2012) / Como si fuese fácil. p. 128 | |
| 650 | _aArquitectura contemporánea | ||
| 773 | 0 |
_aSumma+ _dBuenos Aires, Argentina _gNº127 (dic-2012), p. 128 _x0327-9022 |
|
| 908 | _aImp | ||
| 942 |
_2udc _cART |
||
| 945 |
_aMBP _d2022-07-08 |
||
| 980 |
_8138 _gCarolina Rainero _6138 _aCarolina Rainero |
||
| 999 |
_c12268 _d12268 |
||